00459nam a2200193 a 4500001001300000003000900013005001700022008004100039020001000080082001300090100001900103245002400122260002900146300000900175500003500184505001700219650001000236700001900246nice12345678IN_TiNIC20260116012244.0050524s1951 lona grp 000 0 eng  ac10000a245bSNA aSnaith, Norman aHymns of the Temple aLondonbScm Press c1951 a127p aincludes index and biblioraphy2 aBibliography aHymns1 aSnaith, Norman